Český architektonický kubismus : Podivuhodný směr, který se zrodil v Praze /

Salvato in:
Dettagli Bibliografici
Autore principale: Lukeš, Zdeněk (Autore)
Natura: Libro
Lingua:ceco
inglese
Pubblicazione: Praha : Galerie Jaroslava Fragnera, 2006
Soggetti:
Tags: Aggiungi Tag
Nessun Tag, puoi essere il primo ad aggiungerne!!

MARC

LEADER 00000nam a22000003a 4500
001 0000142
003 SK-STU
005 20171027075521.2
007 ta
008 141124s ----xo-----e------000-0-----d
020 |a 80-239-8368-7 
040 |a STU  |b slo 
041 0 |a cze  |a eng 
044 |a xr 
100 1 |a Lukeš, Zdeněk  |4 aut 
245 1 0 |a Český architektonický kubismus :  |b Podivuhodný směr, který se zrodil v Praze /  |c aut. Zdeněk Lukeš ; Lenka Neužilová, Renata Kricnerová 
246 3 1 |a Czech Architectural Cubism :  |b A Remarkable Trend that Was Born in Prague 
260 |a Praha :  |b Galerie Jaroslava Fragnera,  |c 2006 
300 |a 171 s. 
650 0 7 |a kubizmus architektonický 
650 0 7 |a domy nájomné 
650 0 7 |a vily 
650 0 7 |a Praha 
650 0 7 |a Česká republika 
700 1 |a Neužilová, Lenka  |4 lso 
700 1 |a Kricnerová, Renata  |4 lso 
996 |b 284AU06310  |c A*9209 U  |l AAKNAR  |s A  |a 24  |w 0000142_0001